[Event "Chigorin Memorial 21st"]
[Site "St Petersburg"]
[Date "2013.10.11"]
[Round "7"]
[White "Potapova, Tatiana"]
[Black "Kvitko, Nikita"]
[Result "0-1"]
[WhiteElo "1636"]
[BlackElo "1788"]
[PlyCount "58"]
[EventDate "2013.10.05"]
[EventType "swiss"]
[EventRounds "9"]
[EventCountry "RUS"]
[SourceTitle "CBM 156 Extra"]
[Source "ChessBase"]
[SourceDate "2013.10.22"]
[SourceVersion "1"]
[SourceVersionDate "2013.10.22"]
[SourceQuality "1"]

1. Nf3 d6 2. d4 g6 3. e4 Bg7 4. g3 Nf6 5. Nc3 0-0 6. Bg2 c6 7. 0-0 Bg4 8. Re1 Qd7 9. e5 Nh5 10. Qd2 Na6 11. a3 Nc7 12. b4 h6 13. Bb2 d5 14. Rac1 Bh3 15. Bh1 f5 16. Ne2 Ne6 17. Nh4 Kh7 18. c4 g5 19. Nf3 f4 20. Bg2 Bxg2 21. Kxg2 g4 22. Qd3+ Kg8 23. Nh4 f3+ 24. Kg1 fxe2 25. Qg6 Nef4 26. gxf4 Nxf4 27. Qc2 Nh3+ 28. Kh1 Nxf2+ 29. Kg2 g3 0-1

[Event "Chigorin Memorial 21st"]
[Site "St Petersburg"]
[Date "2013.10.07"]
[Round "3"]
[White "Kvitko, Nikita"]
[Black "Alieva, Alexandra"]
[Result "0-1"]
[WhiteElo "1788"]
[BlackElo "1940"]
[PlyCount "68"]
[EventDate "2013.10.05"]
[EventType "swiss"]
[EventRounds "9"]
[EventCountry "RUS"]
[SourceTitle "CBM 156 Extra"]
[Source "ChessBase"]
[SourceDate "2013.10.22"]
[SourceVersion "1"]
[SourceVersionDate "2013.10.22"]
[SourceQuality "1"]

1. e4 e5 2. Nf3 Nc6 3. Bb5 g6 4. 0-0 Bg7 5. c3 a6 6. Ba4 d6 7. d4 Bd7 8. Re1 Nge7 9. Be3 0-0 10. Nbd2 f5 11. Bb3+ Kh8 12. exf5 exd4 13. cxd4 Nxf5 14. Bg5 Qc8 15. d5 Nb4 16. Re4 Nd3 17. Qc2 Nc5 18. Re2 Nd4 19. Nxd4 Bxd4 20. Be3 Bg7 21. Bxc5 dxc5 22. Ne4 Bg4 23. f3 Bd4+ 24. Kh1 Bf5 25. a4 b5 26. Qd2 Qd7 27. a5 Qg7 28. Rd1 Rae8 29. Ba2 Re7 30. h3 Bxe4 31. fxe4 Ref7 32. b3 Rf1+ 33. Kh2 Bg1+ 34. Kg3 Qe5+ 0-1

[Event "Chigorin Memorial 20th"]
[Site "St Petersburg"]
[Date "2012.10.27"]
[Round "1"]
[White "Khakimov, Timur"]
[Black "Kvitko, Nikita"]
[Result "1-0"]
[WhiteElo "2303"]
[BlackElo "1801"]
[PlyCount "33"]
[EventDate "2012.10.27"]
[EventType "swiss"]
[EventRounds "9"]
[EventCountry "RUS"]
[SourceTitle "EXT 2013"]
[Source "ChessBase"]
[SourceDate "2012.11.22"]
[SourceVersion "1"]
[SourceVersionDate "2012.11.22"]
[SourceQuality "1"]

1. e4 d6 2. d4 g6 3. Nc3 Bg7 4. f4 Nf6 5. Nf3 0-0 6. Bd3 Nc6 7. Be3 Re8 8. e5 Ng4 9. Bg1 dxe5 10. dxe5 f6 11. h3 Nh6 12. Bc4+ e6 13. Qxd8 Rxd8 14. Nb5 Na5 15. Bd3 c6 16. Nc7 Rb8 17. Bxa7 1-0